[Event "V Open Semana Santa Alicante 2021"]
[Site "Alicante"]
[Date "2021.04.01"]
[Round "2.9"]
[White "Hernandez Torralba, Jose Joaquin"]
[Black "Martinez Reyes, Pedro Ramon"]
[Result "0-1"]
[WhiteElo "2099"]
[BlackElo "2427"]
[Annotator "RC"]
[PlyCount "134"]
[EventDate "2021.03.31"]
[EventType "swiss"]
[EventCountry "ESP"]
[SourceTitle "playchess.com"]
[Source "ChessBase"]
[SourceQuality "1"]
[TimeControl "5400+30"]

1. c4 {[%emt 0:00:46]} e6 {[%emt 0:06:01]} 2. d4 {[%emt 0:01:12]} d5 {[%emt 0:00:05]} 3. Nc3 {[%emt 0:00:15]} Be7 {[%emt 0:00:05]} 4. Nf3 {[%emt 0:00:17]} Nf6 {[%emt 0:00:02]} 5. Bg5 {[%emt 0:00:16]} h6 {[%emt 0:00:06]} 6. Bh4 {[%emt 0:01:41]} O-O {[%emt 0:00:07]} 7. e3 {[%emt 0:00:21]} Ne4 {[%emt 0:01:15]} 8. Bxe7 {[%emt 0:00:27]} Qxe7 {[%emt 0:00:03]} 9. Rc1 {[%emt 0:00:12]} c6 {[%emt 0:00:58]} 10. Bd3 {[%emt 0:00:38]} Nxc3 {[%emt 0:00:04]} 11. Rxc3 {[%emt 0:00:09]} Nd7 {[%emt 0:00:42]} 12. O-O {[%emt 0:01:05]} dxc4 {[%emt 0:00:25]} 13. Bxc4 {[%emt 0:00:11]} b6 {[%emt 0:00:14]} 14. Bd3 {[%emt 0:00:37]} c5 {[%emt 0:00:11]} 15. Be4 {[%emt 0:00:09]} Rb8 {[%emt 0:00:02]} 16. Qa4 {[%emt 0:01:44]} a5 {[%emt 0:00:42]} 17. a3 {[%emt 0:12:01]} Bb7 {[%emt 0:13:35]} 18. Bxb7 {[%emt 0:00:57]} Rxb7 {[%emt 0:00:01]} 19. Qc2 {[%emt 0:00:13]} Rc7 {[%emt 0:27:30]} 20. Rd1 {[%emt 0:12:46]} Rfc8 {[%emt 0:01:07]} 21. d5 {[%emt 0:07:43]} exd5 {[%emt 0:01:32]} 22. Rxd5 {[%emt 0:00:07]} Nf6 {[%emt 0:00:35]} 23. Re5 {[%emt 0:02:08]} Qd8 {[%emt 0:01:46]} 24. h3 {[%emt 0:05:27]} Re7 {[%emt 0:18:49]} 25. Qf5 {[%emt 0:10:44]} Rxe5 {[%emt 0:06:51]} 26. Nxe5 {[%emt 0:00:57]} Qd1+ {[%emt 0:00:08]} 27. Kh2 {[%emt 0:00:08]} Rd8 {[%emt 0:00:05]} 28. Rd3 {[%emt 0:17:06]} Rxd3 {[%emt 0:00:04]} 29. Nxd3 {[%emt 0:00:19]} Qa4 {[%emt 0:02:40]} 30. Ne5 {[%emt 0:04:41]} Qe8 {[%emt 0:01:22]} 31. Nc4 {[%emt 0:01:10]} a4 {[%emt 0:03:21]} 32. Qf4 {[%emt 0:03:24]} b5 {[%emt 0:01:15]} 33. Nd6 {[%emt 0:01:24]} Qb8 {[%emt 0:01:34]} 34. Qe5 {[%emt 0:03:14]} Ne4 {[%emt 0:00:47]} 35. Qxe4 {[%emt 0:06:05]} Qxd6+ {[%emt 0:00:04]} 36. f4 {[%emt 0:03:13]} Qe6 {[%emt 0:01:29]} 37. Qf3 {[%emt 0:02:26]} g6 {[%emt 0:00:33]} 38. h4 {[%emt 0:01:51]} h5 {[%emt 0:00:11]} 39. e4 {[%emt 0:00:40]} Qb3 {[%emt 0:01:52]} 40. Qe2 {[%emt 0:00:36]} c4 {[%emt 0:01:20]} 41. e5 {[%emt 0:00:31]} Qd3 {[%emt 0:00:34]} 42. Qe1 {[%emt 0:00:31]} Qd4 {[%emt 0:00:10]} 43. Qg3 {[%emt 0:00:31]} Qd3 {[%emt 0:01:44]} 44. Qg5 {[%emt 0:00:30]} c3 {[%emt 0:01:22]} 45. bxc3 {[%emt 0:00:23]} Qxc3 {[%emt 0:00:05]} 46. e6 {[%emt 0:00:31]} fxe6 {[%emt 0:02:27]} 47. Qxg6+ {[%emt 0:00:07]} Kf8 {[%emt 0:00:14]} 48. Qxe6 {[%emt 0:00:39]} Qxa3 {[%emt 0:00:09]} 49. f5 {[%emt 0:00:35]} Qe7 {[%emt 0:00:39]} 50. Qh6+ {[%emt 0:00:31]} Qg7 {[%emt 0:00:28]} 51. Qd6+ {[%emt 0:00:41]} Qe7 {[%emt 0:00:11]} 52. Qf4 {[%emt 0:00:24]} Kf7 {[%emt 0:01:25]} 53. Qd4 {[%emt 0:00:36]} a3 {[%emt 0:01:20]} 54. Kh3 {[%emt 0:00:20]} b4 {[%emt 0:00:23]} 55. Qd1 {[%emt 0:00:36]} Qf6 {[%emt 0:02:40]} 56. Qxh5+ {[%emt 0:00:41]} Kf8 {[%emt 0:00:09]} 57. Qe2 {[%emt 0:00:32]} b3 {[%emt 0:00:17]} 58. Qb5 {[%emt 0:00:21]} a2 {[%emt 0:00:16]} 59. Qb4+ {[%emt 0:00:30]} Kg7 {[%emt 0:00:11]} 60. Qg4+ {[%emt 0:00:28]} Kh6 {[%emt 0:00:24]} 61. Qf4+ {[%emt 0:00:23]} Kh7 {[%emt 0:00:06]} 62. Qf3 {[%emt 0:00:48]} a1=Q {[%emt 0:00:28]} 63. Qh5+ {[%emt 0:00:14]} Kg8 {[%emt 0:00:32]} 64. Qe8+ {[%emt 0:00:06]} Qf8 {[%emt 0:00:25]} 65. Qg6+ {[%emt 0:00:36]} Qag7 {[%emt 0:00:09]} 66. Qe6+ {[%emt 0:00:09]} Qgf7 {[%emt 0:00:07]} 67. Qe3 {[%emt 0:00:09]} Qxf5+ {[%emt 0:00:06]} 0-1

[Event "V Open Semana Santa Alicante 2021"]
[Site "Alicante"]
[Date "2021.04.01"]
[Round "2.10"]
[White "Camacho Collados, Marcos"]
[Black "Gonzalvez Tamarit, Ruben"]
[Result "1-0"]
[WhiteElo "2400"]
[BlackElo "2077"]
[Annotator "TA"]
[PlyCount "71"]
[EventDate "2021.03.31"]
[EventType "swiss"]
[EventCountry "ESP"]
[SourceTitle "playchess.com"]
[Source "ChessBase"]
[SourceQuality "1"]

{[%evp 9,71,17,58,44,34,45,76,56,63,60,98,70,75,83,62,28,39,0,0,2,47,38,41,24,51,23,53,8,6,0,6,3,-6,6,0,-1,41,0,42,15,49,37,173,184,749,746,648,327,325,331,324,319,319,301,425,420,409,342,360,374,810,811,1370,1461]} 1. d4 f5 2. Nc3 Nf6 3. Bf4 g6 4. Qd2 Bg7 5. Bh6 O-O 6. Bxg7 {A80: Dutch Defence: Unusual White second moves.} Kxg7 7. h4 d6 8. O-O-O {White is better.} Nc6 {[%cal Bb8c6,Bc6e5,Be5f3][%mdl 32]} 9. Nf3 {[#]} Qe8 $146 ({Predecessor:} 9... Ng4 10. e4 h5 11. exf5 Bxf5 12. Ng5 e5 13. f3 exd4 14. fxg4 dxc3 15. Qxc3+ {1-0 (15) Sahin,O (2082)-Kansal,C (1788) Manavgat 2015}) 10. e3 a6 11. d5 Ne5 12. h5 Nxf3 $1 13. h6+ (13. gxf3 {looks sharper.} Nxh5 14. Qd4+ Nf6 15. Bd3 Qf7 16. e4) 13... Kh8 14. gxf3 e5 15. dxe6 Bxe6 16. Bg2 Qf7 17. b3 Rab8 18. f4 b5 19. Ne2 {[%cal Bc3e2,Be2d4,Bd4f3][%mdl 32]} Rb6 20. Nd4 Bd5 21. Bxd5 Qxd5 22. Qc3 Qc5 23. Qb2 {Threatens to win with Ne6.} d5 24. Nf3 b4 25. Rd3 Qe7 {[#] This costs Black the game.} (25... Kg8 $14) 26. Rxd5 $1 $18 Qe4 $2 {[#]} (26... Kg8 27. Re5 Qd7) 27. Rhd1 $1 Qxf3 28. Qe5 {Threatening mate with Qe7.} Qh5 (28... Qxf2 29. Rd8 Rg8 30. Rxg8+ Kxg8 31. Rd8+ Kf7 32. Qxc7+ Ke6 33. Qxb6+ Kf7 34. Qc7+ Nd7 35. Rxd7+ Kg8 36. Rd8#) 29. Qxc7 {[%csl Gh6][%cal Rc7g7]} Qxh6 30. Qxb6 {[%mdl 64] Strongly threatening Rd8. Double Attack} Nxd5 31. Rxd5 {KQR-KQR} Qh1+ (31... Qg7 $142 32. Qxb4 h5) 32. Rd1 Qe4 33. Rd4 Qh1+ 34. Kb2 Qe1 $2 (34... Qh4 35. Qxb4 (35. Rxb4 Qf6+ 36. Qxf6+ Rxf6 $18) 35... Qf6) 35. Rxb4 {White wants to mate with Qd4+.} Qd2 36. Rd4 {Weighted Error Value: White=0.30/Black=0.33} 1-0

[Event "V Open Semana Santa Alicante 2021"]
[Site "Alicante"]
[Date "2021.04.01"]
[Round "3.1"]
[White "Ibanez Aullana, Ramon"]
[Black "Santos Ruiz, Miguel"]
[Result "1/2-1/2"]
[WhiteElo "2276"]
[BlackElo "2592"]
[Annotator "TA"]
[PlyCount "44"]
[EventDate "2021.03.31"]
[EventType "swiss"]
[EventCountry "ESP"]
[SourceTitle "playchess.com"]
[Source "ChessBase"]
[SourceQuality "1"]

{[%evp 18,44,22,30,22,11,44,44,52,58,54,51,54,68,64,60,63,63,44,43,54,43,39,48,96,42,147,110,306]} 1. d4 Nf6 2. Nf3 d5 3. c4 e6 4. Nc3 Bb4 5. cxd5 exd5 6. Bg5 h6 7. Bh4 g5 8. Bg3 Ne4 9. Nd2 Nxg3 10. hxg3 c6 {D38: Queen's Gambit Declined: Ragozin Defence (4 Nf3 Bb4).} 11. Qc2 Kf8 12. O-O-O Nd7 {White is slightly better.} 13. e4 dxe4 {[#]} 14. d5 $146 ({Predecessor:} 14. Ndxe4 Nb6 15. f4 Kg7 16. Kb1 Nd5 17. Nxd5 cxd5 18. Nc5 Qf6 19. Ka1 Bg4 20. Be2 Bxe2 21. Qxe2 {½-½ (58) Santos Latasa,J (2575)-Santos Ruiz,M (2581) chess24.com INT 2020}) 14... Bxc3 15. Qxc3 {[%mdl 64] [#] Double Attack} Qf6 16. Qa3+ {[%mdl 1024] White has compensation.} Qe7 $1 {[%cal Re7a3] aiming for ...Qxa3.} 17. d6 $36 {[%mdl 2048] White is pushing.} Qe5 18. Nc4 Qf6 19. f3 exf3 20. gxf3 Kg7 21. f4 (21. Bh3 $16) 21... Rd8 (21... b5 $14 22. Nd2 Re8) 22. Bh3 Nf8 $2 {[%mdl 32768] Weighted Error Value: White=0.08/Black=0.21. An unexpected result.} (22... g4 $16 23. Bxg4 Nb6) 1/2-1/2

[Event "V Open Semana Santa Alicante 2021"]
[Site "Alicante"]
[Date "2021.04.01"]
[Round "3.2"]
[White "Yuffa, Daniil"]
[Black "Napoli, Nicolo"]
[Result "1-0"]
[WhiteElo "2584"]
[BlackElo "2315"]
[Annotator "TA"]
[PlyCount "51"]
[EventDate "2021.03.31"]
[EventType "swiss"]
[EventCountry "ESP"]
[SourceTitle "playchess.com"]
[Source "ChessBase"]
[SourceQuality "1"]

{[%evp 9,51,0,22,21,12,15,27,18,20,18,7,25,28,12,32,28,41,-7,16,0,0,-50,-29,-64,-39,-108,0,-63,29,60,266,284,475,473,535,228,447,449,804,828,816,741,1332,1286]} 1. d4 Nf6 2. c4 e6 3. g3 d5 4. Bg2 Bb4+ 5. Bd2 Bd6 6. Nc3 {[%cal Rc4d5] E01: Catalan: Early deviations.} O-O 7. cxd5 exd5 8. Nxd5 {White has an edge.} Nxd5 9. Bxd5 Be7 10. Be4 Qxd4 11. Qc2 h6 12. Nf3 Qb6 {[#]} 13. h4 $146 ({Predecessor:} 13. O-O Nd7 14. Rfc1 c6 15. Be3 Qc7 16. Nd4 Nf6 17. Bg2 Bd7 18. h3 a5 19. Rd1 {0-1 (47) Moroni,L (2547)-Cramling,P (2449) Caleta 2018}) 13... Bf6 14. O-O-O Na6 15. Be3 (15. Ng5 $5) 15... c5 16. a3 Be6 17. Rd3 {[#]} (17. Bd5 $15) 17... Qb5 (17... Rfc8 $1 $17 18. Kb1 Bc4) 18. Kb1 ({Better is} 18. Ng5 $1 $11) 18... Bc4 (18... Rfe8 $15) 19. g4 $11 {And now g5 would win.} Rac8 $2 {Loses the game.} (19... Bxd3 $6 20. Bxd3 Qb6 21. g5 $16) ({Black should play} 19... Rae8 $14 20. Bh7+ Kh8) 20. g5 $18 Bd4 (20... Qxb2+ 21. Qxb2 Bxb2) 21. gxh6 f5 {[#]} 22. Bxb7 {[%mdl 512]} Rb8 $2 (22... Rc7) 23. Bxd4 {White is clearly winning.} (23. Nxd4 Bxd3 24. Bd5+ (24. Nxb5 Bxc2+ 25. Kxc2 Rxb7 $16) 24... Kh7 $18) 23... Rxb7 (23... cxd4 $142 24. Rxd4 Bb3 25. Qxb3+ {[%mdl 64] Remove Defender} (25. h7+ Kxh7 26. Qc6 Qxb7 $17) 25... Qxb3 26. Bd5+ Qxd5 27. Rxd5 Rf6 28. hxg7 Nc7) 24. Bxg7 ({Less strong is} 24. hxg7 Rd8 $14) 24... Bxd3 25. exd3 Rd8 26. Rg1 {Weighted Error Value: White=0.27/Black=0.71} 1-0

[Event "V Open Semana Santa Alicante 2021"]
[Site "Alicante"]
[Date "2021.04.01"]
[Round "3.3"]
[White "Rottenwohrer Suarez, Juan"]
[Black "Narciso Dublan, Marc"]
[Result "0-1"]
[WhiteElo "2203"]
[BlackElo "2521"]
[Annotator "TA"]
[PlyCount "90"]
[EventDate "2021.03.31"]
[EventType "swiss"]
[EventCountry "ESP"]
[SourceTitle "playchess.com"]
[Source "ChessBase"]
[SourceQuality "1"]

{[%evp 10,90,14,16,15,9,34,35,25,0,15,14,19,0,10,0,0,-15,-8,-29,0,-8,-19,-66,-50,-61,-63,-82,-68,-61,-64,-207,-196,-314,-285,-322,-327,-305,-294,-320,-325,-307,-305,-410,-218,-220,-213,-181,-106,-226,-236,-237,-232,-243,-207,-209,-211,-252,-151,-152,-147,-170,-169,-168,-171,-180,-178,-336,-329,-322,-302,-404,-791,-763,-688,-5157,-5214,-5314,-5286,-5214,-5206,-5185,-5073]} 1. c4 e6 2. Nf3 Nf6 3. g3 d5 4. Bg2 d4 5. O-O c5 6. e3 Nc6 {A13: English Opening: 1...e6.} 7. d3 Bd6 8. exd4 cxd4 {White is slightly better.} 9. Bg5 h6 10. Bxf6 Qxf6 11. Nfd2 Qe7 {[#]} 12. f4 $146 ({Predecessor:} 12. a3 a5 13. Ne4 Bc7 14. c5 O-O 15. Nbd2 a4 16. Nc4 Ne5 17. Rc1 Bd7 18. Nxe5 Bxe5 {½-½ (24) Romm,M (2452)-Schuller,J (2434) ICCF email 2018}) 12... O-O 13. Ne4 Bc7 14. Na3 Bd7 15. Nc2 a5 16. b3 Rae8 17. a3 f5 18. Nf2 e5 19. fxe5 f4 20. Ne4 ({Better is} 20. Qh5 $15) 20... Nxe5 $19 ({Stronger than} 20... Qxe5 21. Rxf4 Rxf4 22. gxf4 $15) 21. c5 (21. Rxf4 {was worth a try.} Rxf4 22. gxf4) 21... Bg4 22. Qd2 f3 23. Bh1 {[#]} Nxd3 {[%mdl 576] Remove Defender} 24. Qxd3 {And now Rae1 would win.} Qxe4 25. Qxe4 Rxe4 26. h3 Bxh3 (26... Bxg3 $142 27. hxg4 f2+ 28. Kg2 Rxg4) 27. Rxf3 Rg4 28. Rd1 Rd8 (28... Rxf3 $19 29. Bxf3 Rxg3+ 30. Kf2 Rg5 31. Nxd4 Rxc5 32. Bxb7 g5) 29. Kh2 (29. b4 $17 {is a better defense.}) 29... Rh4 $1 30. Kg1 Rh5 31. Rxd4 Rxc5 32. Rxd8+ Bxd8 33. Nd4 {[#]} Bf6 (33... Bb6 $1 $19 {White must now prevent ...Rd5.} 34. Rd3 {[#]} Be6 $1 {[%mdl 512]}) 34. Rd3 $17 b6 35. b4 Rc1+ 36. Kh2 {Strongly threatening Bd5+.} Bg4 37. Bd5+ Kf8 38. Be6 $2 {[#]} (38. bxa5 {was necessary.} bxa5 39. Kg2) 38... Rd1 $1 $19 39. Rxd1 Bxd1 40. Bb3 Bxb3 ({Not} 40... Bxd4 41. Bxd1 axb4 42. axb4 $17) 41. Nxb3 {KB-KN. Black is clearly winning.} a4 {[%cal Ba5a4,Ba4a3][%mdl 32]} 42. Nc1 Bb2 {[%mdl 64] Double Attack} 43. Nd3 Bxa3 44. Kg2 {[#]} Bb2 $1 {[%mdl 576] Clearance, Promotion} 45. Nxb2 a3 {Weighted Error Value: White=0.50/Black=0.14} 0-1

[Event "V Open Semana Santa Alicante 2021"]
[Site "Alicante"]
[Date "2021.04.01"]
[Round "3.4"]
[White "Del Rio De Angelis, Salvador G."]
[Black "Alonso Garcia, Aaron"]
[Result "1-0"]
[WhiteElo "2510"]
[BlackElo "2275"]
[Annotator "TA"]
[PlyCount "131"]
[EventDate "2021.03.31"]
[EventType "swiss"]
[EventCountry "ESP"]
[SourceTitle "playchess.com"]
[Source "ChessBase"]
[SourceQuality "1"]

{[%evp 21,131,31,31,26,40,33,31,27,27,22,64,64,77,82,93,86,93,75,95,76,76,69,82,82,98,70,85,86,80,66,83,78,100,77,75,30,27,32,40,43,46,41,43,43,68,11,15,8,14,0,0,-37,-43,-54,-2,-16,-20,-26,-26,-16,-6,-66,0,0,15,0,74,0,12,0,28,8,16,10,43,14,81,82,80,75,94,104,281,274,758,757,757,699,800,788,692,692,591,416,4133,2250,29973,29974,29974,29975,29975,29976,29976,29976,29979,29980,29979,29981,29981,29981,29982,29981]} 1. d4 Nf6 2. c4 e6 3. Nc3 Bb4 4. Nf3 b6 5. e3 Bb7 6. Bd3 O-O 7. O-O Bxc3 8. bxc3 d6 9. Nd2 e5 10. e4 Nc6 {[%cal Bb8c6,Bc6e7,Be7g6,Bg6f4][%mdl 32]} 11. Bb2 Re8 12. Re1 {E43: Nimzo-Indian: Rubinstein: 4...b6.} Ne7 13. Nf1 Ng6 14. f3 {[#] White is slightly better.} Nf4 $146 ({Predecessor:} 14... Nh5 15. g3 Nf8 16. Ne3 Ne6 17. Bc2 g6 18. Qd2 f5 19. Qg2 f4 20. Ng4 Nf6 {1-0 (45) Parligras,M (2587)-Klekowski,M (2475) Konya 2015}) 15. Bc2 Ne6 16. Ne3 g6 17. Qd2 Rf8 18. Rad1 Nh5 19. Qf2 Qe8 20. Bc1 f6 21. Kh1 Ba6 22. Bb3 Kh8 23. Nc2 c5 24. dxe5 dxe5 25. Ne3 Qf7 26. Nd5 Rfd8 27. g3 Nhg7 28. Qe3 Ne8 29. Qh6 Nd6 30. Qh4 Bxc4 31. Qxf6+ Qxf6 32. Nxf6 {[#] aiming for Rxd6!} Kg7 {Hoping for ...Bxb3.} 33. Ng4 (33. Nd5 $1 $14) 33... Bxb3 $11 34. axb3 Nf7 35. b4 a5 36. bxc5 Nxc5 37. Ba3 Na4 (37... Nd3 $15 38. Rf1 Rac8) 38. c4 h5 39. Ne3 Rd4 40. Ra1 Rd3 41. Be7 (41. Nd5 $11) 41... Nc5 ({Black should try} 41... Nc3 $15 42. Nd5 Nxd5 43. cxd5 Ra7) 42. Nd5 $36 {[%mdl 2048] Black is under pressure.} Nb3 43. Ra3 ({But not} 43. Nxb6 Ra6 $17) 43... Ra7 {[#]} (43... Rxf3 $11 44. Nxb6 Ra6) 44. Bf6+ (44. f4 $1 $16) 44... Kh6 45. Rf1 a4 46. Nxb6 Ra6 47. Nd5 {Strongly threatening Nb4.} Nc5 (47... Nd6 {keeps more tension.} 48. Nb4 Nxc4 49. Rxa4 Rxf3 50. Rxf3 Rxa4 51. Rxb3 Nd2) 48. Rfa1 (48. Rxd3 {is more complex.} Nxd3 49. Be7 Nd6 50. Rb1 g5 51. Bf8+) 48... Rxd5 49. cxd5 $16 Rxf6 50. Rc3 Nb3 51. Rxa4 Nd2 {This costs Black the game.} (51... Nd4 $16 {was necessary.}) 52. Ra2 $18 Rxf3 $2 (52... Nxf3 53. Rf2 N7g5) 53. Rxf3 Nxf3 54. Rf2 N3g5 55. h4 Nd6 56. hxg5+ Kxg5 {[%mdl 4096] Endgame KR-KN} 57. Kg2 h4 (57... Nxe4 $142 58. Re2 Nc5 59. Rxe5+ Kf6) 58. gxh4+ Kxh4 59. Kf3 {White mates.} Kg5 60. Ke3 Nc4+ 61. Kd3 Nd6 62. Rf8 Nb5 63. Rb8 Nd6 64. Rb6 Nf7 65. Re6 Kh6 66. d6 {Weighted Error Value: White=0.13/Black=0.27} 1-0

[Event "V Open Semana Santa Alicante 2021"]
[Site "Alicante"]
[Date "2021.04.01"]
[Round "3.5"]
[White "Galiana Fernandez, Adrian"]
[Black "Cuenca Jimenez, Jose Fernando"]
[Result "0-1"]
[WhiteElo "2203"]
[BlackElo "2506"]
[Annotator "TA"]
[PlyCount "80"]
[EventDate "2021.03.31"]
[EventType "swiss"]
[EventCountry "ESP"]
[SourceTitle "playchess.com"]
[Source "ChessBase"]
[SourceQuality "1"]

{[%evp 15,80,7,3,1,27,18,12,14,10,14,14,13,10,13,20,11,7,0,1,5,7,-9,0,0,14,14,25,12,15,15,9,-13,-9,-10,0,-26,0,0,0,-19,0,-17,0,0,0,-10,2,-46,-56,-51,-77,-69,-76,-120,-119,-214,-207,-211,-207,-213,-213,-391,-372,-440,-411,-409,-341]} 1. d4 d5 2. c4 e6 3. Nf3 Nf6 4. Nc3 Be7 5. Bf4 O-O 6. e3 Nbd7 7. c5 c6 8. Bd3 b6 9. b4 {D37: Queen's Gambit Declined: 5 Bf4.} a5 10. a3 Ba6 {[#] aiming for ...Bxd3.} 11. O-O {The position is equal.} Qc8 12. Qc2 Bxd3 13. Qxd3 Qb7 14. h3 Rfc8 15. Rfc1 Bd8 {[#]} 16. Na4 $146 ({Predecessor:} 16. Ne5 Nxe5 17. Bxe5 Nd7 18. Bg3 Bc7 19. e4 Bxg3 20. Qxg3 axb4 21. axb4 Rxa1 22. Rxa1 bxc5 23. bxc5 dxe4 24. Nxe4 {½-½ (31) Biskopics,M (2068)-Babos,Z (1951) Hungary 2009}) 16... b5 17. Nc3 Bc7 18. Rab1 axb4 19. axb4 Qb8 20. Bxc7 Qxc7 21. Re1 Ra7 22. Qc2 Rca8 23. g3 h6 24. Kg2 Ra3 25. Re2 Re8 26. Qc1 Rea8 27. Qc2 Qb8 28. Rbe1 R8a6 29. Rb1 Qc7 30. Rd1 Ne8 31. e4 dxe4 32. Nxe4 Ndf6 33. Nc3 Qd8 34. Re5 Nc7 35. Rde1 (35. Re3 $17 {was called for.}) 35... Ncd5 36. Nxd5 Nxd5 37. Rb1 Ra2 38. Qc1 (38. Qd3) 38... R6a3 $19 {[#] ...Rxf3! is the strong threat.} 39. Re2 Qf6 ({But not} 39... Rxe2 40. Qxa3 Ne3+ 41. Qxe3 $19) 40. Ng1 {If White can now play Rxa2 this consolidates a bit.} Rxe2 {Weighted Error Value: White=0.20/Black=0.05} 0-1

[Event "V Open Semana Santa Alicante 2021"]
[Site "Alicante"]
[Date "2021.04.01"]
[Round "3.6"]
[White "Movsziszian, Karen"]
[Black "Orantes Taboada, Francisco"]
[Result "1-0"]
[WhiteElo "2471"]
[BlackElo "2263"]
[Annotator "TA"]
[PlyCount "149"]
[EventDate "2021.03.31"]
[EventType "swiss"]
[EventCountry "ESP"]
[SourceTitle "playchess.com"]
[Source "ChessBase"]
[SourceQuality "1"]

{[%evp 9,149,40,50,47,38,31,41,26,49,35,32,35,43,33,82,21,45,35,29,38,71,58,55,35,100,88,145,89,82,70,60,30,48,39,66,63,53,50,84,82,87,87,95,85,90,77,90,91,82,22,75,53,115,119,105,30,84,31,152,142,159,167,175,174,222,222,207,184,236,236,229,229,331,310,509,564,557,555,528,139,231,132,457,442,443,431,395,403,275,258,231,0,0,0,0,0,0,0,0,0,0,0,0,0,0,0,329,325,324,318,289,284,175,172,438,431,458,458,358,443,951,906,1117,0,349,342,889,889,12810,12808,2434,0,0,0,1763,718,995,848,29994,29995,29995,29996]} 1. e4 c5 2. Nf3 Nc6 3. Bb5 a6 4. Bxc6 dxc6 5. d3 Qc7 6. a4 {B30: Sicilian: 2...Nc6 3 Bb5, lines without ...g6.} a5 7. Na3 e5 8. Nc4 {White is slightly better.} Bd6 9. O-O Ne7 10. Nh4 Be6 11. b3 {[#]} b5 $146 ({Predecessor:} 11... O-O 12. Bd2 b6 13. g3 Bxc4 14. bxc4 Qd7 15. Qh5 Qh3 16. Qf3 Bc7 17. Nf5 Rae8 {0-1 (50) Lopez Martinez,J (2540)-Huerga Leache,M (2436) Linares 2015}) 12. Ne3 (12. Nxd6+ $16 Qxd6 13. Be3) 12... O-O 13. Qf3 f6 14. Bd2 b4 15. Kh1 Rf7 16. g4 g6 (16... Ng6 $14 17. Nhf5 Bf8) 17. Rg1 Kf8 {[#]} (17... Kh8 $142) 18. Raf1 ({Better is} 18. Nhf5 $1 {[%mdl 512]}) 18... Ke8 $16 19. Qg3 Kd7 {[#]} 20. Nhf5 $1 gxf5 21. gxf5 Nxf5 22. Nxf5 Bxf5 23. exf5 Kc8 24. Qf3 Kb7 25. Qe4 Re8 26. Rg3 Qd7 27. Rfg1 Ree7 28. Bh6 Bc7 29. f3 (29. Rg4 $16) 29... Bb8 (29... Bb6 $11) 30. h4 Qd4 (30... c4 $14) 31. Be3 Qc3 32. R1g2 ({White should try} 32. R3g2 $16) 32... Rd7 $11 33. Kh2 (33. Rg8 $16) 33... Bd6 (33... Bc7 $14) 34. h5 $1 $16 Bf8 35. h6 Kb6 36. Rg8 Rc7 37. Qh4 Rcd7 38. R8g4 Qa1 (38... e4 $142) 39. Rg1 $18 Qb2 40. Qf2 Rd5 (40... e4 {was worth a try.}) 41. Rg8 Kc7 $2 {[#]} (41... Qc3 42. R1g4 e4) 42. R1g7 $1 {[%mdl 512]} Rdd7 43. Rxf7 Rxf7 44. Rg2 $2 (44. Bxc5 $18 {and the rest is easy.} Bxc5 45. Qxc5) 44... Qc3 (44... Kb6 $16 {was necessary.} 45. Qg3 Bd6) 45. Qg3 (45. Rg4 $1 $18 {[%cal Rg4c4] Black must now prevent Rc4.} Kd7 46. Kg2) 45... Kb6 $2 {[%mdl 8192]} (45... Bd6 $16) 46. Qg8 Qe1 47. Bf2 (47. Qxf7 Qh4+ 48. Kg1 Qe1+ 49. Kh2 Qh4+ 50. Kg1 Qe1+ 51. Kh2 $11) 47... Qc1 48. Qxf7 Qxh6+ 49. Kg3 Bd6 {intending ...e4+.} 50. Qd7 $2 ({White should play} 50. Kg4 $1 $18 Qf4+ 51. Kh3 Qxf5+ 52. Kh2 e4+ 53. Bg3) 50... Qg5+ $11 51. Kh3 Qh5+ 52. Kg3 Qg5+ 53. Kh3 Qh5+ 54. Bh4 Qxf3+ 55. Rg3 Qh1+ 56. Kg4 Qd1+ {[%mdl 64] Double Attack} 57. Rf3 h5+ $2 {[%mdl 8192]} (57... e4 $1 $11 {and Black has nothing to worry.} 58. dxe4 (58. Qd8+ $2 Bc7 $19) 58... h5+ {[%mdl 64] Decoy} 59. Kxh5 Qxf3+ {[%mdl 64] Double Attack} 60. Kg6 Qg4+ 61. Kf7 Qh5+ 62. Ke6 Qxh4 63. Kxd6 (63. Qxd6 Qxe4+ 64. Kxf6 Qxc2 $11) 63... Qf4+ 64. Ke7 Qxe4+ {[%mdl 64] Double Attack} 65. Kxf6 Qxc2) 58. Kxh5 $18 Qxf3+ 59. Kg6 $1 Bc7 {Strongly threatening ...Qg4+.} ({Much worse is} 59... Qg4+ 60. Kf7 $18) 60. Bxf6 e4 61. dxe4 {aiming for Bd8.} Qxe4 $2 {[#]} (61... Qg2+ {is a better defense.} 62. Kf7 Qxc2) 62. Qd3 $1 {[%cal Rd3e4]} Qg4+ 63. Kf7 Qh5+ {[#]} 64. Kf8 $1 Bf4 (64... Qh6+ $142 65. Bg7 Qg5) 65. Bd8+ Bc7 66. Bf6 $2 (66. f6 Qe5 67. f7) 66... Bf4 $1 67. Qd7 Bh6+ $2 (67... Bc7 68. Qd3) 68. Ke7 {White threatens Kd8 and mate.} Qe2+ 69. Kd8 Bf4 70. Kc8 {[%csl Gc8][%cal Rd7b7]} Qa6+ 71. Kd8 Qe2 72. Bg7 (72. Be7 $142 Qe5 73. f6 Qb8+ 74. Qc8) 72... Bg5+ 73. f6 {And now Qc7+ would win.} Qe5 74. Kc8 {[%csl Gc8][%cal Rd7b7]} c4 75. Bf8 {[%csl Gc8][%cal Rd7b7] Weighted Error Value: White=0.26/Black=0.40} 1-0